Executive leadership : a Practical guide to manaying complexity
| Main Author: | |
|---|---|
| Other Authors: | |
| Format: | Book |
| Published: |
Massachusetts :
Basil Blackwell Inc ,
1991
|
| Subjects: |
MARC
| LEADER | 00000cam a2200000 7i4500 | ||
|---|---|---|---|
| 001 | 0000004237 | ||
| 002 | 000004554 | ||
| 005 | 20000330.0 | ||
| 020 | |a 1557862575 | ||
| 090 | 0 | 0 | |a 658.4092 |b ZAQ |
| 100 | 1 | |a Zaques, Elliott | |
| 245 | 1 | 0 | |a Executive leadership : |b a Practical guide to manaying complexity |c Elliot Zaques and Stephen D. Clement |
| 260 | |a Massachusetts : |b Basil Blackwell Inc , |c 1991 | ||
| 300 | |a 316p. : |b ill. ; |c 21cm. | ||
| 650 | 0 | 0 | |a Leadership |
| 700 | 0 | |a Clement, Stephen D. , |c 1943 | |
| 999 | |a 031251 |b BUKU |c PINJAMAN |e PERPUSTAKAAN KOMUNITI PETALING JAYA | ||